Geniet die oorlog, die vrede gaan erger wees / (Record no. 195608)
[ view plain ]
| 000 -LEADER | |
|---|---|
| fixed length control field | 00778nam a2200205 b 4500 |
| 003 - CONTROL NUMBER IDENTIFIER | |
| control field | 3228 |
| 005 - DATE AND TIME OF LATEST TRANSACTION | |
| control field | 20260217093349.0 |
| 008 - FIXED-LENGTH DATA ELEMENTS--GENERAL INFORMATION | |
| fixed length control field | 210817s9999 xx e 000 1 AFR d |
| 020 ## - INTERNATIONAL STANDARD BOOK NUMBER | |
| International Standard Book Number | 0624032329 (softback) |
| 040 ## - CATALOGING SOURCE | |
| Original cataloging agency | MPL |
| Language of cataloging | eng |
| Transcribing agency | 3228 |
| Description conventions | Resource Description and Access |
| 041 ## - LANGUAGE CODE | |
| Language code of text/sound track or separate title | Afrikaans |
| 082 ## - DEWEY DECIMAL CLASSIFICATION NUMBER | |
| Classification number | AF ROOD |
| 100 ## - MAIN ENTRY--PERSONAL NAME | |
| Personal name | Roodt, P.H |
| 9 (RLIN) | 198596 |
| Relator term | author |
| 245 #0 - TITLE STATEMENT | |
| Title | Geniet die oorlog, die vrede gaan erger wees / |
| Statement of responsibility, etc. | Author: P.H Roodt |
| 250 ## - EDITION STATEMENT | |
| Edition statement | First edition |
| 260 ## - PUBLICATION, DISTRIBUTION, ETC. | |
| Place of publication, distribution, etc. | Kaapstad |
| Name of publisher, distributor, etc. | Tafelberg |
| Date of publication, distribution, etc. | © 1993 |
| 300 ## - PHYSICAL DESCRIPTION | |
| Extent | 111 pages : |
| Dimensions | 21 cm |
| 505 ## - FORMATTED CONTENTS NOTE | |
| Formatted contents note | Vuur in die bloed ; Partytjies, partytjies ; Geniet die oorlog, die vrede gaan erger wees ; Henriette, vir die aand ; Man op straat ; Vuur ; Die bewys ; Deel van die erflating ; ñ Besoek bogronds, ñ besoek ondergronts. |
| 942 ## - ADDED ENTRY ELEMENTS | |
| item type | Books |
| Source of classification or shelving scheme | Dewey Decimal Classification |
| -- | 245 |
| -- | Izakina Blanche |
| Withdrawn status | Lost status | Source of classification or shelving scheme | Damaged status | Not for loan | Collection code | Home library | Current library | Shelving location | Date acquired | Full call number | Barcode | Date last seen | Price effective from | item type | Public note |
|---|---|---|---|---|---|---|---|---|---|---|---|---|---|---|---|
| Dewey Decimal Classification | Fiction | Middelburg Regional Library | Jeremiah Madonsela Public Library | Fiction | 18.08.2021 | AF ROOD | 33228018085264 | 18.08.2021 | 18.08.2021 | Books | 93120110068 |